=LDR 00000nam 2200000 4500 =001 INLIS000000000009688 =005 20130612101456 =008 ***********************************Ind** =035 ##$$0010-061300000009688 =041 ##$$a Ind =082 ##$$a 633.369 =090 ##$$a 633.369, Sup l =100 ##$$a Suprayitno =245 ##$$a Lantoro Gung dan Manfaatnya, Suprayitno, dkk =260 ##$$a 1981 $b Jakarta =300 ##$$a 55 hlm, ilus, 21 cm =650 ##$$a Tanaman Pertanian - Lantoro Gung =850 ##$$a NBPNMAT